| 000 | 00377nam a22001577a 4500 | ||
|---|---|---|---|
| 003 | OSt | ||
| 005 | 20211229143542.0 | ||
| 008 | 211229b |||||||| |||| 00| 0 eng d | ||
| 020 | _a0782123082 | ||
| 040 | _cH.U | ||
| 082 | _a005.3684 | ||
| 100 |
_aSawtell Rick _926104 |
||
| 245 | _aMSCE Exam Notes Windows .95 | ||
| 260 |
_aUSA _bNet Work Press _c1998 |
||
| 942 |
_2ddc _cBOOKS _n0 |
||
| 999 |
_c25027 _d25027 |
||